Essential oil safety : (Record no. 155814)

MARC details
000 -LEADER
fixed length control field 01627nam a2200385Ki 4500
001 - CONTROL NUMBER
control field vtls003255346
003 - CONTROL NUMBER IDENTIFIER
control field MY-SjTCS
005 - DATE AND TIME OF LATEST TRANSACTION
control field 20200226115913.0
006 - FIXED-LENGTH DATA ELEMENTS--ADDITIONAL MATERIAL CHARACTERISTICS
fixed length control field m o d
007 - PHYSICAL DESCRIPTION FIXED FIELD--GENERAL INFORMATION
fixed length control field cr cnu---unuuu
008 - FIXED-LENGTH DATA ELEMENTS--GENERAL INFORMATION
fixed length control field 131219s2013 stka ob 001 0 eng d
020 ## - INTERNATIONAL STANDARD BOOK NUMBER
Canceled/invalid ISBN 9780443062414
020 ## - INTERNATIONAL STANDARD BOOK NUMBER
Canceled/invalid ISBN 0443062412
035 ## - SYSTEM CONTROL NUMBER
System control number (OCoLC)863440555
035 ## - SYSTEM CONTROL NUMBER
System control number (OCoLC)ocn863440555
039 #9 - LEVEL OF BIBLIOGRAPHIC CONTROL AND CODING DETAIL [OBSOLETE]
Level of rules in bibliographic description 201809071409
Level of effort used to assign nonsubject heading access points VLOAD
-- 201312191439
-- shuhada
082 04 - DEWEY DECIMAL CLASSIFICATION NUMBER
Classification number 615.32
Edition number 23
100 1# - MAIN ENTRY--PERSONAL NAME
Personal name Tisserand, Robert,
Relator term author.
245 10 - TITLE STATEMENT
Title Essential oil safety :
Remainder of title a guide for health care professionals.
250 ## - EDITION STATEMENT
Edition statement Second edition /
Remainder of edition statement Robert Tisserand, Rodney Young.
264 #1 - PRODUCTION, PUBLICATION, DISTRIBUTION, MANUFACTURE, AND COPYRIGHT NOTICE
Place of production, publication, distribution, manufacture Edinburgh :
Name of producer, publisher, distributor, manufacturer Churchill Livingstone,
Date of production, publication, distribution, manufacture, or copyright notice 2013.
300 ## - PHYSICAL DESCRIPTION
Extent 1 online resource.
336 ## - CONTENT TYPE
Content type term text
Content type code txt
Source rdacontent
337 ## - MEDIA TYPE
Media type term computer
Media type code c
Source rdamedia
338 ## - CARRIER TYPE
Carrier type term online resource
Carrier type code cr
Source rdacarrier
500 ## - GENERAL NOTE
General note Previous edition: published as by Robert Tisserand, Tony Balacs. Edinburgh: Churchill Livingstone, 1995.
504 ## - BIBLIOGRAPHY, ETC. NOTE
Bibliography, etc. note Includes bibliographical references and index.
588 ## - SOURCE OF DESCRIPTION NOTE
Source of description note Description based on print version record.
650 #0 - SUBJECT ADDED ENTRY--TOPICAL TERM
Topical term or geographic name entry element Essences and essential oils
General subdivision Therapeutic use.
9 (RLIN) 56545
650 #0 - SUBJECT ADDED ENTRY--TOPICAL TERM
Topical term or geographic name entry element Essences and essential oils
General subdivision Safety measures.
655 #4 - INDEX TERM--GENRE/FORM
Genre/form data or focus term Electronic books.
700 1# - ADDED ENTRY--PERSONAL NAME
Personal name Young, Rodney,
Relator term author.
776 08 - ADDITIONAL PHYSICAL FORM ENTRY
Relationship information Print version:
Main entry heading Tisserand, Robert, author.
Title Essential oil safety.
Edition Second edition
International Standard Book Number 9780443062414
Record control number (OCoLC)853505858
856 40 - ELECTRONIC LOCATION AND ACCESS
Uniform Resource Identifier https://ezproxy.taylors.edu.my/login?url=http://www.sciencedirect.com/science/book/9780443062414
Public note An electronic book accessible through the World Wide Web; click to view
Holdings
Withdrawn status Lost status Damaged status Not for loan Home library Current library Date acquired Total Checkouts Date last seen Price effective from Koha item type
      e-book Taylor's Library-TU Taylor's Library-TU 07/02/2020   07/02/2020 07/02/2020 E-Book